Decentering Rushdie : (Record no. 57276)

MARC details
000 -LEADER
fixed length control field 01118nam a22002897a 4500
005 - DATE AND TIME OF LATEST TRANSACTION
control field 20111004122935.0
008 - FIXED-LENGTH DATA ELEMENTS--GENERAL INFORMATION
fixed length control field 111004t xxu||||| |||| 00| 0 eng d
010 ## - LCCN (DPL NO)
LC control number ENG-103867
020 ## - INTERNATIONAL STANDARD BOOK NUMBER
International Standard Book Number 9788125044529
Terms of availability 595.00
035 ## - SYSTEM CONTROL NUMBER
System control number EN-87400
037 ## - SOURCE OF ACQUISITION
Source of stock number/acquisition DBAD/PUB
040 ## - CATALOGING SOURCE
Original cataloging agency DPL
Language of cataloging Eng
082 ## - DEWEY DECIMAL CLASSIFICATION NUMBER
Classification number 891.4
100 ## - MAIN ENTRY--PERSONAL NAME
9 (RLIN) 35214
Personal name Jani, Pranav
245 00 - TITLE STATEMENT
Title Decentering Rushdie :
Remainder of title cosmopolitanism and the indian novel in English /
Statement of responsibility, etc by Pranav Jani
260 ## - PUBLICATION, DISTRIBUTION, ETC. (IMPRINT)
Place of publication, distribution, etc New Delhi
Name of publisher, distributor, etc Orient Blackswan
Date of publication, distribution, etc 2011
270 ## - ADDRESS
Address 1/24, Asaf Ali Road
City New Delhi
Postal code 110002
300 ## - PHYSICAL DESCRIPTION
Extent xi,275p.
Dimensions 24cm (Hb)
500 ## - GENERAL NOTE
General note Includes bibliographical references and index
600 ## - SUBJECT ADDED ENTRY--PERSONAL NAME
9 (RLIN) 35206
650 ## - SUBJECT ADDED ENTRY--TOPICAL TERM
9 (RLIN) 35208
700 ## - ADDED ENTRY--PERSONAL NAME
9 (RLIN) 35211
830 ## - SERIES ADDED ENTRY--UNIFORM TITLE
9 (RLIN) 35213
942 ## - ADDED ENTRY ELEMENTS (KOHA)
Source of classification or shelving scheme Dewey Decimal Classification
Item type English Books
Call number suffix JAN
Classification part 891.4
Holdings
Withdrawn status Lost status Source of classification or shelving scheme Damaged status Not for loan Collection code Home library Current library Date acquired Source of acquisition Cost, normal purchase price Total Checkouts Full call number Barcode Date last seen Copy number Cost, replacement price Koha item type
    Dewey Decimal Classification   Not For Loan Non-fiction D.B.Act.Division D.B.Act.Division 04/10/2011 DBAD/PUB 595.00   891.4 JAN EN-87400 04/10/2011 1 595.00 English Books

© Delhi Public Library
Hit Counter
free hit counter